Anpassungsprozesse in der ostdeutschen Landwirtschaft Analyse und Bewertung

Gespeichert in:
Bibliographische Detailangaben
1. Verfasser: Schrader, Jörg-Volker
Format: Buch
Sprache:Deutsch
Veröffentlicht: Kiel Institut für Weltwirtschaft 1991
Ausgabe:1. Aufl.
Schriftenreihe:Kieler Diskussionsbeiträge 171/172
Tags: Tag hinzufügen
Keine Tags, Fügen Sie das erste Tag hinzu!

MARC

LEADER 00000nam a2200000 4500
001 c032515
005 20221214093143.1
041 0 |a ger 
044 |a DE 
245 1 0 |a Anpassungsprozesse in der ostdeutschen Landwirtschaft  |b Analyse und Bewertung  |c Jörg-Volker Schrader 
250 |a 1. Aufl. 
264 1 |a Kiel  |b Institut für Weltwirtschaft  |c 1991 
300 |a 75 s. 
490 1 |a Kieler Diskussionsbeiträge  |v 171/172 
830 0 |a Kieler Diskussionsbeiträge  |v 171/172 
100 1 |a Schrader, Jörg-Volker